Toutes les Communes Limitrophes de la France à l'Espagne - Statistiques

Statistiques générales
  • Ce quiz a été pris 35 fois
    30 depuis la dernière actualisation
  • Le résultat moyen est 15 sur 100
Statistiques - réponses
Réponse % Correct
Hendaye
71%
Cerbère
57%
Bagnères-de-Luchon
43%
Le Perthus
43%
Ur
43%
Céret
38%
Urrugne
33%
Argelès-sur-Mer
29%
Bourg-Madame
29%
Laruns
29%
Saint-Étienne-de-Baïgorry
29%
Ascain
24%
Banyuls-sur-Mer
24%
Err
24%
Lescun
24%
Llo
24%
24%
Sare
24%
Ainhoa
19%
Arette
19%
Cauterets
19%
Larrau
19%
Prats-de-Mollo-la-Preste
19%
Saillagouse
19%
Sainte-Engrâce
19%
Saint-Lary-Soulan
19%
Urdos
19%
Amélie-les-Bains-Palalda
14%
Aragnouet
14%
Arnéguy
14%
Arrens-Marsous
14%
Banca
14%
Bidarray
14%
Biriatou
14%
Borce
14%
Coustouges
14%
Espelette
14%
Estavar
14%
Fontpédrouse
14%
Gavarnie-Gèdre
14%
Lamanère
14%
Loudenvielle
14%
Saint-Laurent-de-Cerdans
14%
Saint-Pée-sur-Nivelle
14%
Seix
14%
Serralongue
14%
Sorède
14%
Urepel
14%
Valcebollère
14%
Accous
10%
Aldudes
10%
Artigue
10%
Bonac-Irazein
10%
Cazeaux-de-Larboust
10%
Enveitg
10%
Estaing
10%
Estérençuby
10%
Eyne
10%
Génos
10%
Itxassou
10%
L'Albère
10%
Laroque-des-Albères
10%
Lasse
10%
Lecumberry
10%
Lées-Athas
10%
Mantet
10%
Maureillas-las-Illas
10%
Montauban-de-Luchon
10%
Palau-de-Cerdagne
10%
Porta
10%
Reynès
10%
Sainte-Léocadie
10%
Saint Michel
10%
Sentein
10%
Targassonne
10%
Ustou
10%
Angoustrine-Villeneuve-des-Escaldes
5%
Arlos
5%
Aulus-les-Bains
5%
Auzat
5%
Bordes-Uchentein
5%
Castillon-de-Larboust
5%
Couflens
5%
Fos
5%
Gouaux-de-Luchon
5%
Juzet-de-Luchon
5%
Latour-de-Carol
5%
L'Hospitalet-près-l'Andorre
5%
Melles
5%
Mérens-les-Vals
5%
Porté-Puymorens
5%
Saint-Aventin
5%
Saint-Mamet
5%
Sode
5%
Tramezaïgues
5%
Aston
0%
Gestiès
0%
Lercoul
0%
Siguer
0%
Aucun quiz correspondant
Distribution des résultats
% des personnes avec chaque résultat
Percentile par nombre de réponses
Votre historique - résultats
Vous n’avez pas pris ce quiz depuis la dernière actualisation